000 00420nam a2200145Ia 4500
008 220217s9999||||xx |||||||||||||| ||und||
020 _a978-81-203-3299-7
082 _a621.381 GHO
100 _aGhosh, Smarajit
245 0 _aFundamentals of electrical and electronics engineering
250 _a2nd
260 _aPrentice hall of india private Ltd.
_bNew Delhi
_c2008
300 _b450
650 _aELECTRONICS
999 _c177395
_d177395